Normal view MARC view

Entry Personal Name

Number of records used in: 1

001 - CONTROL NUMBER

  • control field: 14538

003 - CONTROL NUMBER IDENTIFIER

  • control field: OSt

005 - DATE AND TIME OF LATEST TRANSACTION

  • control field: 20191213165621.0

008 - FIXED-LENGTH DATA ELEMENTS

  • fixed length control field: 191213|| aca||aabn | a|a d

040 ## - CATALOGING SOURCE

  • Original cataloging agency: OSt
  • Transcribing agency: OSt

100 ## - HEADING--PERSONAL NAME

  • Personal name: Pandey, Hemant

670 ## - SOURCE DATA FOUND

  • Source citation: Work cat.: (OSt): Pandey, Hemant, Right to public services provided by the state government: A comparative study of state laws and need for a parliamentary enactment (Note)

Powered by Koha